Datum a čas kvízu
26
Celkem bodů
Celkový počet nahraných bodů na tomto kvízu bez doplňovacích otázek.
3.
Pořadí na kvízu
Konečné umístění týmu na tomto kvízu.
Zaznamenané odpovědi
| # | Otázka | Odpověď | Body | Výsledky |
|---|---|---|---|---|
| 1. | Dvě krásné zahrady brněnských... | Tugendhat, Löw-Beer | 1 | |
| 2. | Expedice Tatra kolem světa, kt... | Írán | 1 | |
| 3. | Na začátku minulého týdne bylo... | Jaroslav Uhlíř | 1 | |
| 4. | V pátek jsme se dozvěděli, že... | Obbod | 0 | |
| 5. | Fanoušci jednoho z fotbalových... | Benfica Lisabon | 1 | |
| 6. | Clint Eastwood oslavil posledn... | hrst, pár | 0.5 | |
| 7. | V souvislosti s Eastwoodem byc... | Sergio Leone, Ennio Morricone | 0.5 | |
| 8. | Který z těchto filmů Eastwood... | D | 0 | |
| 9. | Nechybělo mnoho a toto téma by... | C | 1 | |
| 10. | Jak se nazývá hudební projekt,... | Gorillaz | 0 |